| 000 | 02605cam a22002174a 4500 | ||
|---|---|---|---|
| 005 | 20250605164110.0 | ||
| 008 | 250528s ||||||||||||||||||||||||d | ||
| 035 | _a17863 | ||
| 020 | _a9789606056947 | ||
| 040 |
_aGR-AtMCL _bgre _dGR-AtMCL _eAACR2 |
||
| 245 | 1 | _aΑπεριόριστη Δύναμη / Ξεπεράστε τα Όρια σας | |
| 250 | _a1η | ||
| 260 |
_bΔιόπτρα, _c2016 |
||
| 300 | _a392 | ||
| 520 | _aΤο παρόν βιβλίο θα σας δείξει πώς να αποκτήσετε την εκπληκτική ποιότητα ζωής που επιθυμείτε και αξίζετε, και πώς να έχετε τον έλεγχο στην προσωπική και επαγγελματική σας ζωή. Πρόλογος, Εισαγωγή, Το Μοντέλο της Ανθρώπινης Επιτυχίας, Το Αγαθό των Βασιλέων, Η Διαφορά που Κάνει την Διαφορά, Η Δύναμη των Νευροφυσιολογικών Αντιδράσεων, Η Γέννηση της Επιτυχίας: Πίστη, Τα Επτά Ψέμματα της Επιτυχίας, Κυριαρχήστε στον Νου σας: Πώς να Διαχειρίζεστε τον Εγκέφαλο σας, Η Σύνταξη της Επιτυχίας, Πώς να Εκμαιεύσετε τη Στρατηγική Κάποιου, Φυσιολογία: Η Λεωφόρος της Επιτυχίας, Η Κινητήρια Δύναμη της Επιτυχίας, Η Συνταγή της Απόλυτης Επιτυχίας, Εξάλειψη Περιορισμών: Τι Επιθυμείτε;, Η Δύναμη της Ακριβείας, Η Μαγεία της Βαθιάς Επικοινωνίας, Διακρίσεις Επιτυχίας: Μεταπρογράμματα, Χειριστείτε την Αντίσταση και Επιλύστε τα Προβλήματα, Αναπλαισίωση: Η Δύναμη της Προοπτικής, Αγκύρωση στην Επιτυχία, Ηγεσία: Η Πρόκληση της Επιτυχίας, Ιεραρχία Αξιών: Ο Απόλυτος Κριτής της Επιτυχίας, Τα Πέντε Κλειδιά του Πλούτου και της Ευτυχίας, Δημιουργία Τάσεων: Η Δύναμη της Πειθούς, Ζώντας την Επιτυχία: Η Ανθρώπινη Πρόκληση, Γλωσσάρι. | ||
| 700 | 1 |
_aRobbins Anthony _94147 |
|
| 700 | 1 |
_aΦιλίππου Αλέξανδρος _94148 |
|
| 942 | _cBK | ||
| 999 |
_c3263 _d3263 |
||